000 00299nam a22001337a 4500
008 170606b xxu||||| |||| 00| 0 eng d
020 _a9780393934717
041 _aeng
080 _22ND
_a321
100 _a18
101 _ashp
245 _aAMERICAN POLITICS TODAY
_cBIANCO, W.T
942 _2udc
_cBK
999 _c16182
_d16182